Experimental pedology (Record no. 21149)

MARC details
000 -LEADER
fixed length control field 00323nam a2200133Ia 4500
082 ## - DEWEY DECIMAL CLASSIFICATION NUMBER
Classification number 631.4
Item number HAL
100 ## - MAIN ENTRY--AUTHOR NAME
Personal name CRAWFORD, D V
245 #0 - TITLE STATEMENT
Title Experimental pedology
260 ## - PUBLICATION, DISTRIBUTION, ETC. (IMPRINT)
Place of publication London
Name of publisher Butterworths
Year of publication 1965
650 ## - SUBJECT ADDED ENTRY--TOPICAL TERM
Topical Term Pedology
700 ## - ADDED ENTRY--PERSONAL NAME
Personal name HALLSWORTH, E G
942 ## - ADDED ENTRY ELEMENTS (KOHA)
Koha item type Books
Holdings
Withdrawn status Lost status Damaged status Not for loan Home library Current library Date acquired Full call number Accession Number Koha item type
        RRII Library RRII Library 16/12/2021 631.4 HAL 01869 Books